| 000 | 01162nam a22003377a 4500 | ||
|---|---|---|---|
| 003 | CHAP | ||
| 005 | 20220329141548.0 | ||
| 008 | 971013s1974 r 00010 d | ||
| 010 | _a70188 | ||
| 011 | _a71160 | ||
| 035 | _a80714 | ||
| 040 | _cCHAP | ||
| 090 | _aFolleto 4250 | ||
| 100 | 0 | 0 |
_aEcheverría Alvarez, Luis. _9175409 |
| 245 | _aCarta de derechos y deberes económicos de los estados | ||
| 260 |
_a(s. l.) : _bEd. Cultura y ciencia Política, _c(1974) |
||
| 300 |
_a31 p. _b: ilus |
||
| 490 |
_aPensamiento político. Separata _v; 68 |
||
| 590 |
_aBATCH-UPD _b10 _c20130109 _lUCH01 _h2317 |
||
| 590 |
_aBATCH-UPD _b10 _c20130110 _lUCH01 _h0701 |
||
| 590 |
_aBATCH-UPD _b10 _c20130409 _lUCH01 _h1838 |
||
| 590 |
_aBATCH-UPD _b10 _c20130410 _lUCH01 _h0347 |
||
| 590 |
_aBATCH-UPD _b10 _c20130914 _lUCH01 _h1226 |
||
| 590 |
_aCONVERSION _b10 _c20130109 _lUCH01 _h1339 |
||
| 650 | 1 | 4 |
_aRelaciones económicas internacionales. _995813 |
| 830 | 0 |
_aPensamiento político. Separata _v; 68 _986736 |
|
| 901 | _aBK | ||
| 942 | _cFOLL | ||
| 949 |
_aFolleto 4250 _bBC _cFOLL _d-33617 _eTS1 _i80714 _mD _si |
||
| 949 |
_aFolleto 4250 _bBC _cFOLL _d-33619 _eTS2 _fc.2 _i80714 _mD _si |
||
| 999 |
_c70188 _d70188 |
||